000 00449nam a22001697a 4500
003 OSt
008 260512b |||||||| |||| 00| 0 eng d
082 _a633.11
_bA94P
100 _aKumar, Awadh
245 _aPerformance of Wheat (Triticum aestivum L.) Varieties under Irrigated Late Sown Condition
260 _aPusa, Samastipur
_bRAU
_c1998
300 _a72P.
502 _bMsc.
_d1998
650 _aAgronomy
650 _aMsc.
942 _2ddc
_cT
999 _c50554
_d50554